Κατάλογος Βιβλιοθηκών Mediterranean College

Organizational Behavior / Fifth Edition (Record no. 972)

MARC details
000 -LEADER
fixed length control field 02441cam a22002174a 4500
005 - ΗΜΕΡΟΜΗΝΙΑ ΚΑΙ ΩΡΑ ΤΕΛΕΥΤΑΙΑΣ ΕΝΗΜΕΡΩΣΗΣ
Πεδίο ελέγχου 20250605163951.0
008 - FIXED-LENGTH DATA ELEMENTS--GENERAL INFORMATION
Πεδίο ελέγχου σταθερού μήκους 250528s ||||||||||||||||||||||||d
035 ## - SYSTEM CONTROL NUMBER
System control number 15387
020 ## - ISBN
ISBN 70391610
040 ## - ΠΗΓΗ ΚΑΤΑΛΟΓΟΓΡΑΦΗΣΗΣ
Φορέας πρωτότυπης καταλογογράφησης MC Athens Campus Library
Γλώσσα καταλογογράφησης Ελληνικά, Μοντέρνα (1453-)
Modifying agency MC Athens Campus Library
Κανόνες περιγραφικής καταλογογράφησης AACR2
245 1# - ΤΙΤΛΟΣ ΚΑΙ ΔΗΛΩΣΗ ΥΠΕΥΘΥΝΟΤΗΤΑΣ
Τίτλος Organizational Behavior / Fifth Edition
250 ## - EDITION STATEMENT
Edition statement 5th
260 ## - PUBLICATION, DISTRIBUTION, ETC.
Name of publisher, distributor, etc. Mcgraw Hill Book Company,
Date of publication, distribution, etc. 1989
300 ## - PHYSICAL DESCRIPTION
Extent 638
505 0# - FORMATTED CONTENTS NOTE
Formatted contents note The Introductory Foundation and Context for Organizational Behavior, Organizational Behavior: An Exciting Field of Study and Application, The Foundation and Background for Organizational Behavior, Organizational Culture, The International Context for Organizational Behavior, Basic Understanding of Individual Behavior, Personality, Perception, Attitudes and Job Satisfaction, Job Stress, Motivation and Learning: The Focus of Organizational Behavior, Motivation: Needs and Processes, Motivation Applied: Job Design and Goal Setting, Learning: Concepts and Principles, Organizational Behavior Modification, Interpersonal and Group Behaviors and Dynamics and Influence, Groups: Formal and Informal, Interactive Behaviors and Conflict, Power and Politics, Leadership Processes and Styles, The Processes and Structure of Organizational Behavior, Communication, Design Making and Control, Organization Theory and Design, Organization Change and Development and the Future.
520 ## - SUMMARY, ETC.
Summary, etc. The Introductory Foundation and Context for Organizational Behavior, Organizational Behavior: An Exciting Field of Study and Application, The Foundation and Background for Organizational Behavior, Organizational Culture, The International Context for Organizational Behavior, Basic Understanding of Individual Behavior, Personality, Perception, Attitudes and Job Satisfaction, Job Stress, Motivation and Learning: The Focus of Organizational Behavior, Motivation: Needs and Processes, Motivation Applied: Job Design and Goal Setting, Learning: Concepts and Principles, Organizational Behavior Modification, Interpersonal and Group Behaviors and Dynamics and Influence, Groups: Formal and Informal, Interactive Behaviors and Conflict, Power and Politics, Leadership Processes and Styles, The Processes and Structure of Organizational Behavior, Communication, Design Making and Control, Organization Theory and Design, Organization Change and Development and the Future.
700 1# - ΠΡΟΣΘΕΤΗ ΑΝΑΓΡΑΦΗ--ΦΥΣΙΚΟ ΠΡΟΣΩΠΟ
Personal name Luthans Fred
9 (RLIN) 1021
942 ## - ADDED ENTRY ELEMENTS (KOHA)
Koha item type Books
Holdings
Τύπος τεκμηρίου Βιβλιοθήκη Τρέχουσα τοποθεσία Barcode Αριθμός εισαγωγής Ημερομηνία απόκτησης Ταξιθετικό σύμβολο Αριθμός αντιτύπου Κατάσταση απόσυρσης Κατάσταση χαμένου Κατάσταση κατεστραμμένου Μη δανεισμός Σύνολο δανεισμών Ημερομηνία τελευταίας εμφάνισης Η τιμή ισχύει από
Books MC Athens Campus Library MC Athens Campus Library 9780000009715 1641 05/06/2025 658.4 LUT 1           05/06/2025 05/06/2025

MC Athens Campus Library
Πατησίων 94 & Κοδριγκτώνος 13, 104 34
Πελλήνης 8 & Πατησίων 107, 112 51
Τ: +30 210 8899600

MC Thessaloniki Campus Library
Ίωνος Δραγούμη 21, 54625 | Ίωνος Δραγούμη 15, 54625
Τ: +30 2310 287779 – Τ: +30 2314 440300